000 01411nam a2200337 a 4500
001 000002065
003 DO-SdBPM
005 20250915135646.0
007 ta
008 090630s2007 dr 000 0 spa d
020 _a9789945161588
040 _aDO-SdBPM
_bspa
_cBPMSU
_drda
082 4 _aRD868.5
_bC744a 2007
_222
110 2 _aConcurso Literario de Navidad Obispado Nuestra Señora de la Altagracia
_d(2007 :
_cHigüey, República Dominicana)
_tTrabajos premiados
245 1 0 _aA orillas del agua :
_bConcurso Literario de Navidad Obispado Nuestra Señora de la Altagracia : trabajos premiados año 2007 /
_cedición Basilio Belliard ; cuidado de la edición Isael Pérez y Romina Bayo.
246 1 0 _aTrabajos premiados año 2007
246 1 0 _aConcurso Literario de Navidad Obispado Nuestra Señora de la Altagracia
264 _aSanto Domingo :
_bSecretaría de Estado de Cultura,
_c2007.
300 _a126 páginas ;
_c23 cm.
336 _atexto
_btxt
_2rdacontent
337 _asin mediación
_bn
_2rdamedia
338 _avolumen
_bnc
_2rdacarrier
500 _aTrabajos premiados año 2007
590 _aInventariado, 2025/VM
650 7 _aCertámenes literarios
_zRepública Dominicana
_v
650 7 _aLiteratura
_vConcursos
650 7 _aPremios literarios
_zRepública Dominicana
700 1 _aBelliard, Basilio,
_d1966-
_eeditor
910 _aValidado. Control de calidad MMOLINA
942 _2ddc
_cBK
999 _c15395
_d15395